[Event "ThEM 2003"]
[Site "?"]
[Date "2003.04.21"]
[Round "9"]
[White "Koksch, Robert"]
[Black "Siebarth, Raiko"]
[Result "0-1"]
[WhiteElo "2072"]
[BlackElo "2103"]
[PlyCount "68"]
[EventDate "2003.04.16"]
[EventRounds "9"]
[EventCountry "GER"]

1. d4 Nf6 2. c4 g6 3. Nc3 Bg7 4. e4 d6 5. f4 O-O 6. Nf3 c5 7. d5 e6 8. dxe6
fxe6 9. Bd3 Nc6 10. O-O a6 11. Ng5 Rb8 12. f5 exf5 13. exf5 gxf5 14. Bxf5 Bxf5
15. Rxf5 Nd4 16. Rf4 Qe7 17. Qd3 h6 18. Nf3 Nh5 19. Rxf8+ Rxf8 20. Bd2 Nxf3+
21. gxf3 Qh4 22. Rf1 Bd4+ 23. Kg2 Rf7 24. Bxh6 Rg7+ 25. Bxg7 Nf4+ 26. Kh1 Nxd3
27. Bxd4 cxd4 28. Ne4 Qf4 29. Rg1+ Kf8 30. Rg3 Nxb2 31. Ng5 Qc1+ 32. Kg2 Nxc4
33. Ne6+ Ke7 34. Nxd4 Qd2+ 0-1

[Event "ThEM 2003"]
[Site "?"]
[Date "2003.04.21"]
[Round "9"]
[White "Taudte, Stefan"]
[Black "Skibbe, Willi"]
[Result "1-0"]
[WhiteElo "2101"]
[BlackElo "1672"]
[PlyCount "143"]
[EventDate "2003.04.16"]
[EventRounds "9"]
[EventCountry "GER"]

1. d4 f5 2. c4 e6 3. Nc3 Nf6 4. f3 d5 5. Bg5 Be7 6. e3 c6 7. Bd3 h6 8. Bh4 O-O
9. Nge2 dxc4 10. Bxc4 Nd5 11. Bxe7 Qxe7 12. Qd2 Qg5 13. Kf2 Nd7 14. Bxd5 exd5
15. Nf4 Nb6 16. b3 Bd7 17. Nce2 Kh7 18. Nd3 Qe7 19. h4 Be6 20. Ne5 Nd7 21. Nxd7
Qxd7 22. Nf4 Rae8 23. Rac1 Re7 24. Qa5 a6 25. Qc5 Rfe8 26. a4 Bf7 27. Rhe1 Qd8
28. b4 Rxe3 29. Rxe3 Qxh4+ 30. Ke2 Qxf4 31. Rcc3 Qh2 32. Kf2 Qh1 33. Rxe8 Qh4+
34. Kf1 Qh1+ 35. Kf2 Qh4+ 36. Kg1 Bxe8 37. Re3 Bh5 38. Qc3 Qg5 39. Kf1 Qh4 40.
Kg1 Qg5 41. Qd3 Bg6 42. Qd2 Bh5 43. Re2 Qxd2 44. Rxd2 Kg8 45. Re2 Kf7 46. Re5
Bg6 47. Kf2 Kf6 48. Ke3 Bf7 49. Kd3 g5 50. Kc3 h5 51. Re1 f4 52. b5 axb5 53.
axb5 cxb5 54. Kb4 g4 55. Kxb5 gxf3 56. gxf3 h4 57. Rh1 Kg5 58. Kc5 Bh5 59. Rh3
Bxf3 60. Rxf3 Kg4 61. Rf1 f3 62. Kxd5 Kf4 63. Kc5 b6+ 64. Kc6 Kg3 65. d5 f2 66.
d6 Kg2 67. Rxf2+ Kxf2 68. d7 h3 69. d8=Q h2 70. Qh4+ Kg1 71. Qg3+ Kh1 72. Kd5
1-0

[Event "ThEM 2003"]
[Site "?"]
[Date "2003.04.21"]
[Round "9"]
[White "Hermann, Ingo"]
[Black "Skibbe, Diana"]
[Result "1/2-1/2"]
[WhiteElo "1622"]
[BlackElo "2130"]
[PlyCount "34"]
[EventDate "2003.04.16"]
[EventRounds "9"]
[EventCountry "GER"]

1. e4 g6 2. d4 Bg7 3. Nc3 d6 4. Be3 Nf6 5. f3 O-O 6. Qd2 Re8 7. O-O-O c6 8. g4
b5 9. Kb1 b4 10. Na4 Qa5 11. b3 Nfd7 12. Bd3 Nb6 13. Nb2 Ba6 14. Ne2 c5 15.
Bxa6 Nxa6 16. h4 Rac8 17. h5 Nd7 1/2-1/2

[Event "ThEM 2003"]
[Site "?"]
[Date "2003.04.21"]
[Round "9"]
[White "Berner, Stephan"]
[Black "Lange, Corinna"]
[Result "1/2-1/2"]
[WhiteElo "1577"]
[BlackElo "2162"]
[PlyCount "29"]
[EventDate "2003.04.16"]
[EventRounds "9"]
[EventCountry "GER"]

1. e4 e6 2. d4 d5 3. exd5 exd5 4. Nf3 Bd6 5. Be2 h6 6. O-O Qf6 7. Re1 Ne7 8.
Nc3 c6 9. a3 O-O 10. Be3 Bf5 11. Bd3 Nd7 12. Bxf5 Nxf5 13. Qd2 g5 14. h3 Rfe8
15. Re2 1/2-1/2

[Event "ThEM 2003"]
[Site "?"]
[Date "2003.04.21"]
[Round "9"]
[White "Siebarth, Marco"]
[Black "Manger, Erika"]
[Result "1/2-1/2"]
[WhiteElo "1799"]
[BlackElo "1404"]
[PlyCount "175"]
[EventDate "2003.04.16"]
[EventRounds "9"]
[EventCountry "GER"]

1. d4 d5 2. c4 e6 3. Nc3 Nf6 4. Bg5 Be7 5. Nf3 Nbd7 6. c5 h6 7. Bf4 O-O 8. e3
c6 9. Bd3 b6 10. b4 Bb7 11. h3 a5 12. a3 axb4 13. axb4 Rxa1 14. Qxa1 Qa8 15.
O-O Qxa1 16. Rxa1 Ra8 17. Rxa8+ Bxa8 18. Ne2 bxc5 19. bxc5 Bb7 20. Nc1 Ne8 21.
Bc2 Bd8 22. Ba4 Bc7 23. Bxc7 Nxc7 24. Nb3 Nb8 25. Na5 Ba8 26. Ne5 Nb5 27. Bxb5
cxb5 28. c6 Na6 29. Nd7 b4 30. Ne5 f6 31. Nd3 b3 32. Kf1 Kf8 33. Ke2 Ke7 34.
Kd2 Kd6 35. Nc5 Nxc5 36. dxc5+ Kc7 37. Kc3 Bxc6 38. Kxb3 Bb5 39. g3 Bf1 40. h4
g5 41. Kc3 e5 42. f4 Bb5 43. Kb4 Be2 44. Nb3 Kc6 45. Nc1 Bf1 46. Na2 Bc4 47.
Nc3 Bd3 48. Nd1 exf4 49. exf4 d4 50. Nf2 Be2 51. Ne4 f5 52. hxg5 hxg5 53. Nxg5
d3 54. Kc3 Kxc5 55. Nh3 Kd5 56. Nf2 Bf1 57. Nxd3 Ke4 58. Ne5 Ke3 59. Nf7 Bh3
60. Ng5 Bg4 61. Kc4 Kf2 62. Kd4 Kxg3 63. Ke5 Kf2 64. Nf7 Kg3 65. Nh6 Bh3 66.
Nxf5+ Kg4 67. Ne3+ Kh5 68. Kf6 Kh6 69. Nf5+ Kh7 70. Ng3 Kg8 71. Ne4 Kf8 72. Ng5
Bc8 73. Ne6+ Ke8 74. f5 Bd7 75. Ke5 Ke7 76. f6+ Kf7 77. Ng5+ Kf8 78. Kd6 Bf5
79. Ke5 Bd7 80. Ne6+ Kf7 81. Nd8+ Kf8 82. Nb7 Bc8 83. Na5 Bd7 84. Nb3 Kf7 85.
Nc5 Bc8 86. Ne4 Bd7 87. Nd6+ Kf8 88. Kf4 1/2-1/2

[Event "ThEM 2003"]
[Site "?"]
[Date "2003.04.21"]
[Round "9"]
[White "Michalowski, Peter"]
[Black "Baecher, Reinhardt"]
[Result "0-1"]
[WhiteElo "1676"]
[BlackElo "1863"]
[PlyCount "44"]
[EventDate "2003.04.16"]
[EventRounds "9"]
[EventCountry "GER"]

1. e4 c5 2. Nf3 e6 3. d4 cxd4 4. Nxd4 Nf6 5. Nc3 d6 6. Be3 Be7 7. g4 a6 8. g5
Nfd7 9. h4 b5 10. Bh3 Nb6 11. Bf1 b4 12. Nce2 Nc4 13. Bc1 Qc7 14. Ng3 Nd7 15.
h5 Ndb6 16. b3 Ne5 17. Bb2 Bxg5 18. Bb5+ axb5 19. Nxb5 Qc5 20. Nxd6+ Kf8 21. h6
Bxh6 22. Bd4 Qxd4 0-1

[Event "ThEM 2004"]
[Site "Bad Frankenhausen"]
[Date "2004.04.06"]
[Round "1"]
[White "Enders, Peter"]
[Black "Deuter, Lutz"]
[Result "1/2-1/2"]
[WhiteElo "2470"]
[BlackElo "2070"]
[PlyCount "81"]
[EventDate "2004.??.??"]
[EventRounds "9"]
[EventCountry "GER"]

1. e4 e6 2. d4 d5 3. Nc3 Nf6 4. e5 Nfd7 5. f4 c5 6. Nf3 Nc6 7. Be3 Qb6 8. Na4
Qa5+ 9. c3 c4 10. b4 Qc7 11. g3 b5 12. Nc5 a5 13. a3 axb4 14. axb4 Rxa1 15.
Qxa1 Nxc5 16. dxc5 Be7 17. Nd4 Nxd4 18. Bxd4 O-O 19. Bh3 f5 20. O-O Bb7 21. Qb1
Bc6 22. g4 g6 23. gxf5 gxf5 24. Kh1 Be8 25. Qa2 Qb7 26. Ra1 Bh4 27. Qa6 Bc6 28.
Qxb7 Bxb7 29. Ra7 Rf7 30. Bf1 Be1 31. Be2 Bc6 32. Ra2 Rg7 33. Ra6 Rc7 34. Kg2
Bd2 35. Kg3 Be1+ 36. Kh3 Bd2 37. Bh5 Kf8 38. Kg3 Be1+ 39. Kf3 Bd2 40. Kg3 Be1+
41. Kf3 1/2-1/2

[Event "ThEM 2004"]
[Site "Bad Frankenhausen"]
[Date "2004.04.06"]
[Round "1"]
[White "Gulich, Christian"]
[Black "Jaesche, Thomas"]
[Result "1-0"]
[WhiteElo "2104"]
[BlackElo "1793"]
[PlyCount "85"]
[EventDate "2004.??.??"]
[EventRounds "9"]
[EventCountry "GER"]

1. e4 e5 2. Nf3 Nc6 3. d4 exd4 4. Bc4 h6 5. O-O d6 6. Nxd4 Nxd4 7. Qxd4 Qf6 8.
Qd3 Be6 9. Nc3 c6 10. a4 Bxc4 11. Qxc4 Qe6 12. Qd3 Nf6 13. h3 Be7 14. Be3 O-O
15. f4 Rfd8 16. Rae1 Bf8 17. Bc1 Nd7 18. Qf3 Kh7 19. Kh1 f6 20. Be3 Qf7 21. Bf2
Re8 22. Re2 Nc5 23. Rd1 Ne6 24. Red2 Red8 25. Ne2 Qe7 26. Ng3 Nc7 27. Qd3 Ne8
28. c4 b6 29. b3 Qc7 30. Be3 Rd7 31. e5+ g6 32. f5 fxe5 33. fxg6+ Kh8 34. Rf1
Ng7 35. Bxh6 Ne6 36. Be3 Ng7 37. Rdf2 Be7 38. Nf5 Rg8 39. Nxg7 Rxg7 40. Bh6 Rg8
41. g7+ Rxg7 42. Bxg7+ Kxg7 43. Rf7+ 1-0

[Event "ThEM 2004"]
[Site "Bad Frankenhausen"]
[Date "2004.04.07"]
[Round "1"]
[White "Hannes, Diana"]
[Black "Taudte, Stefan"]
[Result "1-0"]
[WhiteElo "1539"]
[BlackElo "2078"]
[PlyCount "43"]
[EventDate "2004.??.??"]
[EventRounds "9"]
[EventCountry "GER"]

{95MB, K0F2J9} 1. e4 e6 2. d4 d5 3. Nc3 Bb4 4. e5 c5 5. a3 cxd4 6. Qxd4 Nc6 7.
Bb5 Ba5 8. Nf3 Nge7 9. O-O Bd7 10. Bxc6 Nxc6 11. Qg4 Kf8 12. b4 Bc7 13. Re1 Qb8
14. Bf4 a6 15. Nxd5 Bd8 16. Nf6 Bc8 17. Nh5 Rg8 18. Nxg7 f5 19. exf6 e5 20.
Ne6+ Bxe6 21. Qxe6 exf4 22. Qe8# 1-0

[Event "ThEM 2004"]
[Site "Bad Frankenhausen"]
[Date "2004.04.07"]
[Round "1"]
[White "Holzschuh, Stephan"]
[Black "Moeller, Axel"]
[Result "1/2-1/2"]
[WhiteElo "2153"]
[BlackElo "2010"]
[PlyCount "39"]
[EventDate "2004.??.??"]
[EventRounds "9"]
[EventCountry "GER"]

{95MB, K0F2J9} 1. e4 e6 2. d3 d5 3. Nd2 Nf6 4. Ngf3 Nbd7 5. g3 Bd6 6. Bg2 O-O
7. O-O c6 8. Re1 Qc7 9. Qe2 e5 10. Nh4 Nc5 11. Nf1 dxe4 12. dxe4 Ne6 13. c3 a5
14. Ne3 Re8 15. Nhf5 Bf8 16. Ng4 Nxg4 17. Qxg4 Kh8 18. Qf3 b6 19. Bf1 Ba6 20.
Bxa6 1/2-1/2

[Event "ThEM 2004"]
[Site "Bad Frankenhausen"]
[Date "2004.04.06"]
[Round "1"]
[White "Huster, Mike"]
[Black "Buring, Matthias"]
[Result "0-1"]
[WhiteElo "1891"]
[BlackElo "2121"]
[PlyCount "70"]
[EventDate "2004.??.??"]
[EventRounds "9"]
[EventCountry "GER"]

1. d4 Nf6 2. Nf3 g6 3. c4 Bg7 4. Nc3 d6 5. e4 O-O 6. Be2 Nbd7 7. O-O c6 8. h3
Qc7 9. Be3 Rd8 10. Qd2 e5 11. Rad1 b6 12. c5 d5 13. dxe5 Nxe4 14. Nxe4 dxe4 15.
Ng5 Qxe5 16. Bc4 Rf8 17. Qc2 b5 18. Bb3 a5 19. a4 Qxb2 20. Qxb2 Bxb2 21. Nxe4
b4 22. Rd2 Bg7 23. Rfd1 Nf6 24. Nxf6+ Bxf6 25. Rd6 Be6 26. Bxe6 fxe6 27. Rxc6
Rfd8 28. Rxd8+ Bxd8 29. Bd4 Kf7 30. Rd6 Ke7 31. Bb2 Rc8 32. Ra6 Rxc5 33. Ra7+
Kd6 34. f4 Bb6 35. Ra6 Kc7 0-1

[Event "ThEM 2004"]
[Site "Bad Frankenhausen"]
[Date "2004.04.07"]
[Round "1"]
[White "Kirschbaum, Gunnar"]
[Black "Steinmetzer, Thomas"]
[Result "1-0"]
[WhiteElo "2200"]
[BlackElo "2078"]
[PlyCount "55"]
[EventDate "2004.??.??"]
[EventRounds "9"]
[EventCountry "GER"]

1. d4 d5 2. Nf3 Nf6 3. c4 e6 4. Nc3 Nbd7 5. Bg5 Be7 6. cxd5 exd5 7. e3 O-O 8.
Bd3 c6 9. Qc2 Re8 10. O-O Nf8 11. Rab1 Ne4 12. Bxe7 Qxe7 13. Bxe4 dxe4 14. Nd2
Bf5 15. f3 Qg5 16. fxe4 Qxe3+ 17. Kh1 Bg6 18. Nf3 Bxe4 19. Nxe4 Qxe4 20. Qb3
Qd5 21. Qxb7 Reb8 22. Qa6 Rb6 23. Qa3 Ne6 24. Rbe1 f6 25. Qe7 Nf4 26. b3 a5 27.
Qc7 Nxg2 28. Re7 1-0

[Event "ThEM 2004"]
[Site "Bad Frankenhausen"]
[Date "2004.04.06"]
[Round "1"]
[White "Kirste, Olaf"]
[Black "Aepfler, Christian"]
[Result "0-1"]
[WhiteElo "2066"]
[BlackElo "2271"]
[PlyCount "108"]
[EventDate "2004.??.??"]
[EventRounds "9"]
[EventCountry "GER"]

1. c4 e6 2. Nc3 d5 3. cxd5 exd5 4. d4 Nf6 5. Bg5 Be7 6. e3 O-O 7. Bd3 Re8 8.
Qc2 Nbd7 9. Nf3 Nf8 10. Rb1 g6 11. b4 a5 12. b5 Ne6 13. Bh4 Ng7 14. O-O Nf5 15.
Bxf6 Bxf6 16. Rfc1 Be7 17. Ne5 Be6 18. h3 Bd6 19. Ng4 Kg7 20. Na4 b6 21. Nb2
Qg5 22. Bf1 h5 23. Ne5 f6 24. Nf3 Qh6 25. Bd3 Ne7 26. Nh4 Rad8 27. Re1 f5 28.
f4 Ng8 29. Nf3 Nf6 30. Rbd1 Ne4 31. Ne5 g5 32. Rf1 g4 33. Bxe4 fxe4 34. Kh2 Qf6
35. Qf2 gxh3 36. gxh3 Qf5 37. Rg1+ Kh7 38. Rg3 Rg8 39. Rdg1 Rdf8 40. Qf1 Rxg3
41. Rxg3 Bxe5 42. dxe5 Qxe5 43. Qc1 Qf6 44. Qxc7+ Rf7 45. Qc2 Rg7 46. Rxg7+
Qxg7 47. Nd1 h4 48. Qf2 Qf6 49. Qd2 Qf5 50. Nf2 Qg6 51. Nh1 Qh5 52. Qf2 Kg6 53.
Qg1+ Kf7 54. Nf2 Qe2 0-1

[Event "ThEM 2004"]
[Site "Bad Frankenhausen"]
[Date "2004.04.07"]
[Round "1"]
[White "Kraemer, Martin"]
[Black "Klaus, Christian"]
[Result "1-0"]
[WhiteElo "2243"]
[BlackElo "2061"]
[PlyCount "105"]
[EventDate "2004.??.??"]
[EventRounds "9"]
[EventCountry "GER"]

1. e4 d6 2. d4 Nf6 3. Nc3 c6 4. Be3 Qb6 5. Rb1 Ng4 6. Bg5 e5 7. Nf3 h6 8. Bh4
Nd7 9. h3 Ngf6 10. Be2 Be7 11. O-O O-O 12. Re1 Qc7 13. a4 Re8 14. Bg3 Bf8 15.
Bf1 g6 16. Qd2 a6 17. b4 b5 18. d5 cxd5 19. exd5 bxa4 20. Nxa4 Nb6 21. Nxb6
Qxb6 22. c4 Bf5 23. Rb3 Ne4 24. Qe3 Qxe3 25. Rexe3 Rec8 26. Bh2 Nf6 27. g4 Bd7
28. Ra3 Be7 29. Nd2 Bd8 30. Re1 Rcb8 31. Rb1 g5 32. Bg2 a5 33. c5 axb4 34. Rxa8
Rxa8 35. cxd6 Ra2 36. Nc4 Rc2 37. Ne3 b3 38. Nxc2 bxc2 39. Rc1 Ba4 40. Bxe5 Nd7
41. Bd4 Ba5 42. Be4 Bd2 43. Bxc2 Bxc1 44. Bxa4 Bf4 45. Bxd7 Bxd6 46. Bf6 Kh7
47. Bf5+ Kg8 48. Kf1 Kf8 49. Ke2 Be7 50. Bxe7+ Kxe7 51. Kd3 Kd6 52. Kd4 f6 53.
f3 1-0

[Event "ThEM 2004"]
[Site "Bad Frankenhausen"]
[Date "2004.04.06"]
[Round "1"]
[White "Liebisch, Dieter"]
[Black "Vater, Rainer"]
[Result "1-0"]
[WhiteElo "1916"]
[BlackElo "2138"]
[PlyCount "97"]
[EventDate "2004.??.??"]
[EventRounds "9"]
[EventCountry "GER"]

1. d4 d5 2. b3 Bf5 3. e3 e6 4. Bd3 Bg6 5. Nf3 Bd6 6. Bb2 Ne7 7. O-O Nd7 8. c4
c6 9. Qe2 f5 10. Nbd2 O-O 11. Ng5 Rf6 12. f3 h6 13. Nh3 e5 14. cxd5 cxd5 15. e4
exd4 16. exd5 Nxd5 17. Bxd4 Bc5 18. Bxc5 Nxc5 19. Bc4 Bf7 20. Qf2 Qb6 21. Rfe1
Nb4 22. Re7 Rd8 23. Rxf7 Rxf7 24. Bxf7+ Kxf7 25. Nc4 Qf6 26. Rf1 Nbd3 27. Qc2
b5 28. Na3 Qb6 29. Kh1 g6 30. Nb1 Nb4 31. Qf2 Nbd3 32. Qh4 g5 33. Qg3 f4 34.
Qg4 Kg6 35. Nc3 b4 36. Ne4 Ne6 37. Nhxg5 hxg5 38. h4 Rh8 39. Nxg5 Nxg5 40.
Qxg5+ Kf7 41. Qd5+ Ke7 42. Qe4+ Kf6 43. g4 fxg3 44. Qxd3 Rxh4+ 45. Kg2 Rh2+ 46.
Kxg3 Rh6 47. Rd1 Rg6+ 48. Kf4 Qe6 49. Qd8+ 1-0

[Event "ThEM 2004"]
[Site "Bad Frankenhausen"]
[Date "2004.04.07"]
[Round "1"]
[White "Missbach, Bernd"]
[Black "Hermann, Ingo"]
[Result "1-0"]
[WhiteElo "2187"]
[BlackElo "1998"]
[PlyCount "65"]
[EventDate "2004.??.??"]
[EventRounds "9"]
[EventCountry "GER"]

1. f4 d5 2. Nf3 g6 3. g3 Bg7 4. Bg2 Nf6 5. O-O O-O 6. d3 c5 7. c3 Nc6 8. Qc2
Qb6 9. Kh1 Rd8 10. Na3 h6 11. e4 dxe4 12. dxe4 Bg4 13. Be3 Bxf3 14. Bxf3 e5 15.
Rad1 Qc7 16. Be2 b6 17. f5 g5 18. h3 a6 19. Bf3 Bf8 20. Qe2 b5 21. Bc1 b4 22.
Nc4 a5 23. h4 Nh7 24. hxg5 hxg5 25. Ne3 f6 26. Nd5 Qg7 27. Bh5 Ne7 28. Nxe7+
Bxe7 29. Qc4+ Kh8 30. Kg2 Rxd1 31. Rxd1 Rd8 32. Rh1 Qg8 33. Bf7 1-0

[Event "ThEM 2004"]
[Site "Bad Frankenhausen"]
[Date "2004.04.07"]
[Round "1"]
[White "Schneider, Christian"]
[Black "Schmidt, Matthias"]
[Result "1/2-1/2"]
[WhiteElo "1783"]
[BlackElo "2096"]
[PlyCount "92"]
[EventDate "2004.??.??"]
[EventRounds "9"]
[EventCountry "GER"]

{95MB, K0F2J9} 1. d4 Nf6 2. c4 g6 3. Nc3 Bg7 4. e4 d6 5. Be2 c6 6. Nf3 Qc7 7.
O-O O-O 8. Qc2 e5 9. dxe5 dxe5 10. Rd1 Na6 11. a3 Nc5 12. Be3 Ne6 13. h3 Nh5
14. Bf1 b6 15. b4 f5 16. c5 bxc5 17. Bxc5 Nxc5 18. bxc5 Bf6 19. Qa4 Be7 20. Ba6
Bd7 21. Nxe5 Qxe5 22. Rxd7 Bf6 23. Qc4+ Kh8 24. Rc1 Rad8 25. Rxd8 Rxd8 26. exf5
gxf5 27. Qe2 Qxc5 28. Qxh5 Qxa3 29. Rd1 Rxd1+ 30. Nxd1 Qxa6 31. Qxf5 Qa1 32.
Qc8+ Kg7 33. Qd7+ Kh6 34. Qd2+ Bg5 35. f4 Bf6 36. Kh2 Qd4 37. Qc1 c5 38. Kh1 c4
39. Ne3 Qxf4 40. Ng4+ Kg5 41. Qd1 Bb2 42. Qd8+ Kh5 43. Qe8+ Kh4 44. Qe7+ Bf6
45. Nxf6 Qf1+ 46. Kh2 Qf4+ 1/2-1/2

[Event "ThEM 2004"]
[Site "Bad Frankenhausen"]
[Date "2004.04.06"]
[Round "1"]
[White "Seidens, Gunter"]
[Black "Petiko, Jakob"]
[Result "0-1"]
[WhiteElo "2050"]
[BlackElo "2160"]
[PlyCount "96"]
[EventDate "2004.??.??"]
[EventRounds "9"]
[EventCountry "GER"]

1. d4 Nf6 2. Nf3 d6 3. Nc3 Nbd7 4. e4 e5 5. Be2 Be7 6. O-O O-O 7. a4 c6 8. h3
Qc7 9. Be3 exd4 10. Nxd4 Re8 11. Qd2 Bf8 12. f3 Nh5 13. Bf2 a5 14. Rad1 Nc5 15.
g4 Nf6 16. Qf4 Ne6 17. Qh2 Nxd4 18. Bxd4 Qe7 19. Rfe1 Be6 20. Bf1 Qd8 21. Bf2
Qc7 22. Kh1 b6 23. Bg3 Rad8 24. Rd2 Qe7 25. Red1 d5 26. e5 Nd7 27. f4 f5 28.
exf6 Qxf6 29. Qf2 Bc5 30. Qh2 Be3 31. Rg2 Bf7 32. h4 d4 33. g5 Qe7 34. Ne2 Nc5
35. f5 Bd5 36. Bc7 Ne4 37. Bg3 Nd2 38. f6 Qf7 39. Rxd2 Bxd2 40. Be5 Bxg2+ 41.
Bxg2 Qe6 42. Bxd4 Rxd4 43. Bf3 Rd7 44. Qg3 Qd6 45. Qg4 gxf6 46. gxf6+ Kh8 47.
c3 Rg8 48. Qf5 Rf7 0-1

[Event "ThEM 2004"]
[Site "Bad Frankenhausen"]
[Date "2004.04.07"]
[Round "1"]
[White "Siebarth, Raiko"]
[Black "Schorch, Rüdiger"]
[Result "1-0"]
[WhiteElo "2123"]
[BlackElo "1901"]
[PlyCount "117"]
[EventDate "2004.??.??"]
[EventRounds "9"]
[EventCountry "GER"]

1. e4 c5 2. Nf3 Nf6 3. d4 cxd4 4. Nxd4 Nc6 5. Nc3 g6 6. Be3 Bg7 7. f3 O-O 8. g4
h5 9. gxh5 Nxh5 10. Qd2 e5 11. Nb3 Qh4+ 12. Qf2 Qxf2+ 13. Kxf2 Nf4 14. Bc4 Rd8
15. a3 Nd4 16. Bxd4 exd4 17. Nb5 d5 18. exd5 a6 19. N5xd4 Nxd5 20. Rae1 Bxd4+
21. Nxd4 Nb6 22. Bxf7+ Kxf7 23. c3 Bd7 24. h4 Rh8 25. b3 Rae8 26. Rxe8 Bxe8 27.
c4 g5 28. Nf5 Bc6 29. h5 Nd7 30. Nd4 Ne5 31. Rh3 Bd7 32. Rh1 Kf6 33. Kg3 Ng6
34. Ne2 Nh4 35. f4 Nf5+ 36. Kf2 g4 37. Ng3 Bc6 38. Rd1 Nxg3 39. Kxg3 Bf3 40.
Rd6+ Ke7 41. Rg6 Rxh5 42. b4 Rh3+ 43. Kf2 Rh2+ 44. Kg3 Rc2 45. c5 Rc3 46. f5
Rxa3 47. Kf4 Rb3 48. f6+ Kf7 49. Kg5 Rxb4 50. Rg7+ Kf8 51. Rc7 Bd5 52. Kg6 Ke8
53. Re7+ Kd8 54. Re3 Kc7 55. Rd3 Be4+ 56. Kg5 Bxd3 57. f7 Bb5 58. f8=Q Bc6 59.
Qd6+ 1-0

[Event "ThEM 2004"]
[Site "Bad Frankenhausen"]
[Date "2004.04.07"]
[Round "1"]
[White "Siegl, Detlef"]
[Black "Goemann, Jens"]
[Result "0-1"]
[WhiteElo "2013"]
[BlackElo "2198"]
[PlyCount "106"]
[EventDate "2004.??.??"]
[EventRounds "9"]
[EventCountry "GER"]

1. Nf3 Nf6 2. d4 g6 3. c4 Bg7 4. Nc3 O-O 5. g3 d6 6. Bg2 c6 7. O-O Qa5 8. e4
Bg4 9. h3 Bxf3 10. Bxf3 e5 11. d5 cxd5 12. Nxd5 Nxd5 13. Qxd5 Qxd5 14. exd5 Nd7
15. Bd2 f5 16. Bg2 Rac8 17. Rac1 Nc5 18. Rc2 Nd3 19. Rb1 e4 20. Bf1 Bd4 21.
Bxd3 exd3 22. Rcc1 Rfe8 23. Be3 Bxe3 24. fxe3 Rxe3 25. Kf2 Re2+ 26. Kf1 Rce8
27. Re1 Kf7 28. Rxe2 Rxe2 29. a3 Rh2 30. Kg1 Rc2 31. Rd1 d2 32. Kf2 Rxb2 33.
Ke2 b6 34. Kd3 Rb3+ 35. Kd4 Rxg3 36. Rxd2 Rxh3 37. Re2 Rh4+ 38. Kd3 Re4 39. Rb2
Kf6 40. a4 Re7 41. a5 bxa5 42. Ra2 f4 43. Rxa5 f3 44. Ra2 g5 45. Kd4 g4 46. c5
dxc5+ 47. Kxc5 g3 48. Ra3 f2 49. Rf3+ Kg5 50. d6 Rd7 51. Kc6 Rxd6+ 52. Kxd6 Kg4
53. Rf8 g2 0-1

[Event "ThEM 2004"]
[Site "Bad Frankenhausen"]
[Date "2004.04.07"]
[Round "1"]
[White "Steinmetzer, Peter"]
[Black "Toepfer, Roland"]
[Result "1-0"]
[WhiteElo "2078"]
[BlackElo "1618"]
[PlyCount "95"]
[EventDate "2004.??.??"]
[EventRounds "9"]
[EventCountry "GER"]

{95MB, K0F2J9} 1. e4 c5 2. Nf3 d6 3. d4 cxd4 4. Nxd4 Nf6 5. Nc3 Nc6 6. Bg5 Nxd4
7. Qxd4 e5 8. Qa4+ Bd7 9. Bb5 Be7 10. Bxf6 Bxf6 11. Nd5 Bg5 12. Bxd7+ Qxd7 13.
Nc7+ Ke7 14. Qxd7+ Kxd7 15. Nxa8 Rxa8 16. Ke2 Ke6 17. c4 Rc8 18. Kd3 g6 19. h4
Bd8 20. h5 Bb6 21. hxg6 hxg6 22. Rh7 Rc7 23. f3 Bd4 24. Rb1 a5 25. Rh8 b6 26.
b3 Bc5 27. Ra8 Kf6 28. Rh1 Rd7 29. Rhh8 Rb7 30. Rhd8 Ke6 31. Re8+ Kf6 32. Ra6
Kg7 33. Rea8 Kf6 34. R6a7 Rxa7 35. Rxa7 Ke6 36. Rb7 Kf6 37. Kc2 Ke6 38. Kb2 Kf6
39. a3 Ke6 40. b4 axb4 41. axb4 Bd4+ 42. Kb3 f5 43. Ka4 g5 44. Kb5 g4 45. Kc6
fxe4 46. fxe4 Kf6 47. Kxd6 Kg5 48. c5 1-0

[Event "ThEM 2004"]
[Site "Bad Frankenhausen"]
[Date "2004.04.07"]
[Round "1"]
[White "Stridde, Peter"]
[Black "Grube, Peter"]
[Result "1-0"]
[WhiteElo "2074"]
[BlackElo "1507"]
[PlyCount "43"]
[EventDate "2004.??.??"]
[EventRounds "9"]
[EventCountry "GER"]

{95MB, K0F2J9} 1. c4 Nf6 2. Nc3 g6 3. e4 d6 4. d4 Bg7 5. h3 c5 6. dxc5 Qa5 7.
Bd3 Qxc5 8. Be3 Qa5 9. Bd2 Nbd7 10. Nf3 Ne5 11. Nxe5 Qxe5 12. Be3 a6 13. Qd2
Qa5 14. a3 Nd7 15. b4 Qd8 16. Rc1 Ne5 17. Be2 O-O 18. f4 Nd7 19. O-O Bxc3 20.
Rxc3 Nf6 21. Bf3 e5 22. Rd1 1-0

[Event "ThEM 2004"]
[Site "Bad Frankenhausen"]
[Date "2004.04.08"]
[Round "2"]
[White "Aepfler, Christian"]
[Black "Gulich, Christian"]
[Result "1-0"]
[WhiteElo "2271"]
[BlackElo "2104"]
[PlyCount "54"]
[EventDate "2004.??.??"]
[EventRounds "9"]
[EventCountry "GER"]

{95MB, K0F2J9} 1. e4 c5 2. c3 d5 3. exd5 Qxd5 4. d4 Nf6 5. Nf3 Bg4 6. Be2 Nc6
7. dxc5 Qxc5 8. O-O Qb6 9. Na3 g6 10. h3 Be6 11. Nb5 Rc8 12. Be3 Qa5 13. b4 Qd8
14. Qxd8+ Nxd8 15. Bxa7 Bg7 16. Bd4 Nc6 17. Rfc1 Nxd4 18. Nbxd4 Bc4 19. Bxc4
Rxc4 20. Ne5 Rc8 21. Ndf3 Nd5 22. c4 Nxb4 23. Rab1 Nc6 24. Nd3 Na5 25. Rb5 Nxc4
26. Rxb7 e6 27. Nde5 Nd6 1-0

[Event "ThEM 2004"]
[Site "Bad Frankenhausen"]
[Date "2004.04.08"]
[Round "2"]
[White "Buring, Matthias"]
[Black "Kraemer, Martin"]
[Result "0-1"]
[WhiteElo "2121"]
[BlackElo "2243"]
[PlyCount "116"]
[EventDate "2004.??.??"]
[EventRounds "9"]
[EventCountry "GER"]

1. e4 c5 2. Nf3 Nc6 3. d4 cxd4 4. Nxd4 g6 5. Bc4 Bg7 6. c3 Nf6 7. Nxc6 bxc6 8.
e5 Ne4 9. Qf3 d5 10. exd6 Nxd6 11. Qxc6+ Bd7 12. Qa6 Nxc4 13. Qxc4 Qb6 14. O-O
O-O 15. Qb3 Qc6 16. Be3 Rfb8 17. Qa3 Qb7 18. b3 Bb5 19. Rd1 Rd8 20. Re1 Rd3 21.
Qc5 Rd5 22. Qb4 a5 23. Qg4 h5 24. Qg3 Rad8 25. Bd4 Bxd4 26. cxd4 Rxd4 27. Na3
Rg4 28. Qh3 Bc6 29. g3 Qd7 30. Rac1 Qd5 31. Rxc6 Qxc6 32. Nc4 Rgd4 33. Qf1 Qf3
34. Qe2 Qxe2 35. Rxe2 a4 36. Rxe7 axb3 37. axb3 R4d7 38. Re3 Rd3 39. Rxd3 Rxd3
40. Na5 Rd5 41. Nc4 Kf8 42. Kf1 Ke7 43. Ke2 Ke6 44. Ke3 Rb5 45. Nd2 Kd5 46. Kd3
Rb8 47. Kc3 Re8 48. Kd3 g5 49. h3 f6 50. Nc4 Re1 51. Ne3+ Ke6 52. b4 Rh1 53. b5
Rxh3 54. b6 Rh1 55. Kc2 Kd6 56. Nd5 Kc6 57. Nxf6 h4 58. gxh4 gxh4 0-1

[Event "ThEM 2004"]
[Site "Bad Frankenhausen"]
[Date "2004.04.08"]
[Round "2"]
[White "Deuter, Lutz"]
[Black "Schneider, Christian"]
[Result "*"]
[WhiteElo "2070"]
[BlackElo "1783"]
[PlyCount "81"]
[EventDate "2004.??.??"]
[EventRounds "9"]
[EventCountry "GER"]

{95MB, K0F2J9} 1. Nf3 d5 2. b3 c5 3. Bb2 Nc6 4. e3 Bg4 5. Bb5 e6 6. O-O Nf6 7.
d3 Be7 8. Nbd2 O-O 9. Bxc6 bxc6 10. h3 Bh5 11. Qe2 Nd7 12. e4 d4 13. Nc4 Qc7
14. Bc1 e5 15. g4 Bg6 16. a4 Rae8 17. Nh2 Nb6 18. Nb2 Nc8 19. Nc4 Nb6 20. Nb2
Nc8 21. a5 Nd6 22. f4 exf4 23. Bxf4 Qd7 24. Qf2 Qd8 25. Nf3 f6 26. Qg3 Nb5 27.
Nh4 Bd6 28. Bxd6 Qxd6 29. Qxd6 Nxd6 30. Na4 c4 31. bxc4 Re5 32. c5 Nb5 33. Rab1
Rc8 34. Nf3 Ree8 35. Rb4 Rcd8 36. a6 h5 37. Rfb1 hxg4 38. hxg4 Bf7 39. Rxb5
cxb5 40. Rxb5 Be6 41. Rb4 *

[Event "ThEM 2004"]
[Site "Bad Frankenhausen"]
[Date "2004.04.08"]
[Round "2"]
[White "Goemann, Jens"]
[Black "Liebisch, Dieter"]
[Result "1-0"]
[WhiteElo "2198"]
[BlackElo "1916"]
[PlyCount "47"]
[EventDate "2004.??.??"]
[EventRounds "9"]
[EventCountry "GER"]

{95MB, K0F2J9} 1. g3 d5 2. Nf3 Nc6 3. d4 Bf5 4. Bg2 Nf6 5. O-O Qd7 6. Ne5 Nxe5
7. dxe5 Ne4 8. c4 dxc4 9. Qxd7+ Kxd7 10. Rd1+ Ke8 11. Na3 c6 12. Nxc4 e6 13.
Be3 Bc5 14. Bxe4 Bxe3 15. Bxf5 Bxf2+ 16. Kxf2 exf5 17. Nd6+ Ke7 18. Nxf5+ Ke6
19. Nxg7+ Kxe5 20. Nh5 Rad8 21. Ke3 Rhe8 22. Rac1 Kf5+ 23. Kf3 a6 24. Ng7+ 1-0